[Event "23. Collado Villalba"]
[Site "Collado Villalba ESP"]
[Date "2006.08.24"]
[Round "6.10"]
[White "Roa Alonso, Santiago"]
[Black "Cao Armillas, Jesus"]
[Result "1-0"]
[WhiteElo "2418"]
[BlackElo "2154"]
[PlyCount "83"]
[EventDate "2006.08.19"]
[EventType "swiss"]
[EventRounds "1"]
[EventCountry "ESP"]
[Source "lmi"]
[SourceDate "2006.08.21"]

1. e4 e6 2. d4 d5 3. Nc3 Bb4 4. e5 c5 5. a3 Bxc3+ 6. bxc3 Ne7 7. Nf3 Nbc6 8. h4
Bd7 9. h5 h6 10. Bd3 Qa5 11. Bd2 c4 12. Bf1 b5 13. Nh2 O-O-O 14. a4 bxa4 15.
Ng4 Nb8 16. Ne3 Bb5 17. g3 Nd7 18. Bh3 Nc6 19. O-O Kb7 20. f4 Rhe8 21. f5 Qb6
22. fxe6 fxe6 23. Rf7 Ka8 24. Kh2 Ndxe5 25. dxe5 d4 26. Qf3 dxe3 27. Bxe3 Qa6
28. Rxa7+ Qxa7 29. Bxa7 Kxa7 30. Bg2 Ka6 31. Qe3 Rd7 32. Rb1 Na7 33. Qc5 Rc8
34. Qa3 Ka5 35. Kh3 Rcc7 36. Bf3 Rc8 37. Bg4 Rc6 38. Qb4+ Ka6 39. Ra1 Rf7 40.
Rd1 Nc8 41. Rd8 Ne7 42. Ra8+ 1-0

[Event "23. Collado Villalba"]
[Site "Collado Villalba ESP"]
[Date "2006.08.24"]
[Round "6.11"]
[White "Garcia Paolicchi, Raul"]
[Black "Solaesa Navalpotro, Luis Julio"]
[Result "1/2-1/2"]
[WhiteElo "2228"]
[BlackElo "2334"]
[PlyCount "38"]
[EventDate "2006.08.19"]
[EventType "swiss"]
[EventRounds "1"]
[EventCountry "ESP"]
[Source "lmi"]
[SourceDate "2006.08.21"]

1. d4 Nf6 2. Nf3 c5 3. d5 d6 4. Nc3 g6 5. e4 Bg7 6. h3 O-O 7. Bd3 e6 8. O-O
exd5 9. exd5 Na6 10. Bf4 Nc7 11. Bc4 Rb8 12. a4 b6 13. Nb5 Nxb5 14. axb5 Qc7
15. c3 Bd7 16. Ra6 Bc8 17. Ra3 Bd7 18. Ra6 Bc8 19. Ra3 Bd7 1/2-1/2

[Event "23. Collado Villalba"]
[Site "Collado Villalba ESP"]
[Date "2006.08.24"]
[Round "6.13"]
[White "Aziz Ortego, Omar Luis"]
[Black "Pastor Alonso De Prado, Alberto"]
[Result "0-1"]
[WhiteElo "2082"]
[BlackElo "2230"]
[PlyCount "82"]
[EventDate "2006.08.19"]
[EventType "swiss"]
[EventRounds "1"]
[EventCountry "ESP"]
[Source "lmi"]
[SourceDate "2006.08.21"]

1. d4 Nf6 2. c4 d6 3. Nf3 Nbd7 4. Nc3 e5 5. e3 c6 6. Bd3 Be7 7. O-O O-O 8. b3
Re8 9. Bb2 Bf8 10. Qc2 g6 11. Rad1 Qe7 12. e4 exd4 13. Nxd4 Bg7 14. Rfe1 Nc5
15. Bf1 a5 16. f3 Nh5 17. Qd2 Be5 18. g3 g5 19. Be2 Qf6 20. Qe3 Ng7 21. Nb1
Nge6 22. Nxe6 Nxe6 23. Bxe5 dxe5 24. Rd6 Qe7 25. Red1 c5 26. Nc3 Nd4 27. Rh6
Be6 28. Rh5 f6 29. f4 gxf4 30. gxf4 exf4 31. Qxf4 Bf7 32. Rh4 Bg6 33. Bh5 Qg7
34. Kf2 f5 35. Rg1 fxe4 36. Bxg6 hxg6 37. Rxg6 Qxg6 38. Rg4 Ra6 39. Qg3 e3+ 40.
Ke1 Nc2+ 41. Kd1 e2+ 0-1

[Event "23. Collado Villalba"]
[Site "Collado Villalba ESP"]
[Date "2006.08.24"]
[Round "6.14"]
[White "Gavilan Diaz, Mario"]
[Black "Rubio Mejia, Luis Ignacio"]
[Result "0-1"]
[WhiteElo "2229"]
[BlackElo "2116"]
[PlyCount "146"]
[EventDate "2006.08.19"]
[EventType "swiss"]
[EventRounds "1"]
[EventCountry "ESP"]
[Source "lmi"]
[SourceDate "2006.08.21"]

1. d4 Nf6 2. Nf3 e6 3. Bg5 c5 4. e3 Be7 5. c4 O-O 6. Nc3 cxd4 7. exd4 d5 8. Bd3
Nc6 9. O-O Nb4 10. Be2 dxc4 11. Bxc4 b6 12. Qb3 Nc6 13. Qd1 Bb7 14. a3 Nd5 15.
Be3 Na5 16. Ba2 Nxc3 17. bxc3 Rc8 18. Qd3 Bd5 19. Ne5 Bxa2 20. Rxa2 Qd5 21.
Rfa1 f6 22. Nf3 Nb3 23. c4 Qxc4 24. Qxc4 Rxc4 25. Rb1 Rfc8 26. g3 Na5 27. a4
Rc2 28. Raa1 Nc4 29. Bc1 Kf7 30. h4 h5 31. Bf4 Bd6 32. Bxd6 Nxd6 33. Re1 R2c4
34. a5 b5 35. Kg2 a6 36. Ra2 Nf5 37. Rae2 R8c6 38. Re4 Rd6 39. Rf4 b4 40. Re2
Rd5 41. Rfe4 Rc6 42. Rb2 Rb5 43. d5 Rxd5 44. Rexb4 Rxa5 45. Rb7+ Kg6 46. Ra7 e5
47. Nd2 Ra1 48. Nf3 Kh7 49. Rd2 e4 50. Nd4 Rd6 51. Nb3 Rxd2 52. Nxd2 e3 53.
fxe3 Ra2 54. Rd7 Nxe3+ 55. Kf3 Ng4 56. Rd5 Kg6 57. Ne4 Ra3+ 58. Kf4 Ne5 59. Nc5
Rf3+ 60. Ke4 Rxg3 61. Ne6 Rg4+ 62. Nf4+ Kh6 63. Kf5 Rxh4 64. Rd6 a5 65. Nd5 Rd4
66. Rd8 Nf7 67. Rd7 h4 68. Ke6 h3 69. Rxf7 h2 70. Rf8 Kg5 71. Rg8 g6 72. Ne7
Re4+ 73. Kd6 Rxe7 0-1

[Event "23. Collado Villalba"]
[Site "Collado Villalba ESP"]
[Date "2006.08.24"]
[Round "6.15"]
[White "Vela Ignacio, Jose Manuel"]
[Black "Taboas Rodriguez, Daniel"]
[Result "1-0"]
[WhiteElo "2062"]
[BlackElo "2323"]
[PlyCount "71"]
[EventDate "2006.08.19"]
[EventType "swiss"]
[EventRounds "1"]
[EventCountry "ESP"]
[Source "lmi"]
[SourceDate "2006.08.21"]

1. e4 e5 2. Nf3 Nc6 3. Bc4 Nf6 4. Ng5 d5 5. exd5 Na5 6. Bb5+ c6 7. dxc6 bxc6 8.
Qf3 Rb8 9. Be2 Be7 10. Nc3 O-O 11. d3 Nd5 12. h4 h6 13. Nxd5 cxd5 14. Qh5 Nc6
15. Nf3 f5 16. Bxh6 Bf6 17. Bc1 f4 18. d4 e4 19. Ng5 Bf5 20. Bg4 Qd7 21. Qh7+
Bxh7 22. Bxd7 Nd8 23. Nxh7 Kxh7 24. c3 Nf7 25. b3 Rb7 26. Bc6 Rc7 27. Bxd5 Rxc3
28. Ba3 Kg8 29. Bxf8 Kxf8 30. Bxf7 Kxf7 31. O-O Bxd4 32. Rac1 Rxc1 33. Rxc1 e3
34. Rc7+ Kg6 35. fxe3 fxe3 36. Kf1 1-0

[Event "23. Collado Villalba B"]
[Site "Collado Villalba ESP"]
[Date "2006.08.24"]
[Round "6.1"]
[White "Martin Manzano, Antonio"]
[Black "Sanchez-Alarcos Galian, Victor"]
[Result "1-0"]
[WhiteElo "1968"]
[BlackElo "1737"]
[PlyCount "113"]
[EventDate "2006.08.19"]
[EventType "swiss"]
[EventRounds "1"]
[EventCountry "ESP"]
[Source "lmi"]
[SourceDate "2006.08.21"]

1. e4 c5 2. Nf3 d6 3. d4 cxd4 4. Qxd4 Nc6 5. Bb5 Bd7 6. Bxc6 Bxc6 7. Nc3 Nf6 8.
Bg5 e6 9. O-O-O Be7 10. e5 dxe5 11. Qxe5 Qb6 12. Be3 Qa6 13. Nd4 O-O 14. Nxc6
Qxc6 15. h3 Rfd8 16. g4 Bd6 17. Qb5 Nd5 18. Qxc6 bxc6 19. Ne4 Be5 20. Bc5 Rab8
21. c3 Bf4+ 22. Kc2 a5 23. a3 a4 24. Rd4 Ra8 25. Rhd1 Be5 26. R4d3 Rdb8 27. Nd6
Rb3 28. Nc4 Bf6 29. Nd2 Rb5 30. Ne4 Be5 31. Bb4 Nxb4+ 32. cxb4 Rd5 33. Nc5 Ra7
34. b3 axb3+ 35. Kxb3 Bd6 36. Na4 Kf8 37. Nb6 Rxd3+ 38. Rxd3 Be7 39. a4 c5 40.
Nd7+ Ke8 41. Nxc5 Bxc5 42. bxc5 Rb7+ 43. Kc3 Rb1 44. Rd2 Ra1 45. Kb4 Rb1+ 46.
Kc4 Ra1 47. Kb4 Rb1+ 48. Ka5 Rc1 49. Kb6 Ra1 50. Rd4 Ke7 51. c6 Ra3 52. Kb7
Rb3+ 53. Kc8 Rc3 54. c7 Rc2 55. Rd7+ Ke8 56. Rd8+ Ke7 57. Kb7 1-0

[Event "23. Collado Villalba B"]
[Site "Collado Villalba ESP"]
[Date "2006.08.24"]
[Round "6.2"]
[White "Avendaño Mateos, Jose"]
[Black "Sarabia Utrilla, Joaquin"]
[Result "1-0"]
[WhiteElo "1898"]
[BlackElo "1942"]
[PlyCount "71"]
[EventDate "2006.08.19"]
[EventType "swiss"]
[EventRounds "1"]
[EventCountry "ESP"]
[Source "lmi"]
[SourceDate "2006.08.21"]

1. c4 e5 2. g3 g6 3. Bg2 Bg7 4. Nc3 Nf6 5. e4 d6 6. Nge2 O-O 7. O-O Ne8 8. d3
Nc6 9. Nd5 f5 10. f4 Nf6 11. Rb1 Be6 12. b4 fxe4 13. dxe4 Nd7 14. Be3 Nb6 15.
Qb3 Ne7 16. Qc2 c6 17. Nxb6 axb6 18. Rfd1 d5 19. exd5 Bf5 20. Be4 cxd5 21. cxd5
Qd6 22. Bxf5 Nxf5 23. Bf2 Rfc8 24. Qb3 Ra6 25. fxe5 Bxe5 26. Nd4 Bxd4 27. Bxd4
Rca8 28. Rb2 Ra3 29. Qc2 R3a4 30. Qc4 Ne7 31. Be3 Nf5 32. Bf4 Qd7 33. d6+ Kf8
34. Rf2 Kg7 35. Be5+ Kh6 36. Qf4+ 1-0

[Event "23. Collado Villalba B"]
[Site "Collado Villalba ESP"]
[Date "2006.08.24"]
[Round "6.3"]
[White "Bote Kobolo, Benjamin"]
[Black "Toranzo Fernandez, Dionisio"]
[Result "1-0"]
[WhiteElo "1863"]
[BlackElo "1935"]
[PlyCount "105"]
[EventDate "2006.08.19"]
[EventType "swiss"]
[EventRounds "1"]
[EventCountry "ESP"]
[Source "lmi"]
[SourceDate "2006.08.21"]

1. e4 c5 2. d3 Nc6 3. Nf3 e6 4. g3 d5 5. Nbd2 Bd6 6. Bg2 Nge7 7. O-O O-O 8. Re1
f6 9. h4 Bd7 10. Nf1 b5 11. c4 bxc4 12. exd5 exd5 13. dxc4 d4 14. N1d2 Bg4 15.
a3 a5 16. Qa4 Rb8 17. Ne4 Rb6 18. Nfd2 f5 19. Ng5 Qb8 20. Qc2 h6 21. Ne6 Rf6
22. Nf3 Ng6 23. Nh2 Bh5 24. b4 axb4 25. axb4 Nxb4 26. Qd2 Ra6 27. Rxa6 Nxa6 28.
Nxg7 Bf4 29. Nxh5 Bxd2 30. Nxf6+ Kf7 31. Bxd2 Kxf6 32. Bxh6 Qb4 33. Bg5+ Kg7
34. Rc1 Ne5 35. Nf3 Nd3 36. Rd1 Qc3 37. h5 Nab4 38. Nh4 Qb2 39. Nxf5+ Kh7 40.
Rd2 Qb1+ 41. Kh2 Ne1 42. Re2 Nxg2 43. Re7+ Kg8 44. Nh6+ Kf8 45. Kxg2 Nd3 46.
Rf7+ Ke8 47. Re7+ Kf8 48. Bf6 Ne1+ 49. Kh3 Nf3 50. Kg4 d3 51. Ra7 Ke8 52. Kxf3
d2 53. Ra8+ 1-0

[Event "23. Collado Villalba"]
[Site "Collado Villalba ESP"]
[Date "2006.08.25"]
[Round "7.2"]
[White "Moreno Ruiz, Javier"]
[Black "Elissalt Cardenas, Hector"]
[Result "1-0"]
[WhiteElo "2469"]
[BlackElo "2329"]
[PlyCount "81"]
[EventDate "2006.08.19"]
[EventType "swiss"]
[EventRounds "1"]
[EventCountry "ESP"]
[Source "lmi"]
[SourceDate "2006.08.21"]

1. d4 e6 2. c4 Bb4+ 3. Bd2 a5 4. Qb3 Bxd2+ 5. Nxd2 Nc6 6. Ngf3 d6 7. Qc3 Nf6 8.
e4 Qe7 9. Bd3 Nd7 10. O-O e5 11. d5 Nd8 12. b3 O-O 13. a3 g6 14. g3 Nc5 15. Bc2
Bh3 16. Rfe1 f5 17. exf5 gxf5 18. Nh4 Qf6 19. f4 Nf7 20. Ndf3 Kg7 21. Qd2 h6
22. Rab1 Rfe8 23. Kh1 e4 24. Ng1 Bg4 25. h3 Bh5 26. Ne2 Bg6 27. Qe3 h5 28. Nd4
Nh6 29. b4 axb4 30. axb4 Na6 31. Ne6+ Rxe6 32. dxe6 c5 33. bxc5 Nxc5 34. Red1
Ra6 35. Qd4 Be8 36. Qd5 Qc3 37. Rxb7+ Kf6 38. Rh7 e3 39. Rxh6+ Ke7 40. Rh7+ Kd8
41. Qxc5 1-0

[Event "23. Collado Villalba"]
[Site "Collado Villalba ESP"]
[Date "2006.08.25"]
[Round "7.3"]
[White "Vazquez Igarza, Renier"]
[Black "Perez Gonzalez, Jose Manuel"]
[Result "1-0"]
[WhiteElo "2517"]
[BlackElo "2281"]
[PlyCount "59"]
[EventDate "2006.08.19"]
[EventType "swiss"]
[EventRounds "1"]
[EventCountry "ESP"]
[Source "lmi"]
[SourceDate "2006.08.21"]

1. d4 Nf6 2. c4 c5 3. d5 b5 4. cxb5 a6 5. bxa6 Bxa6 6. Nc3 g6 7. e4 Bxf1 8.
Kxf1 d6 9. Nf3 Bg7 10. h3 Nbd7 11. Kg1 O-O 12. Kh2 Qa5 13. Re1 Rfb8 14. Re2 Ne8
15. Bg5 Qa6 16. Rc1 Ne5 17. Nxe5 Bxe5+ 18. f4 Bxc3 19. Rxc3 f6 20. Bh6 Qxa2 21.
b4 Qa4 22. Qxa4 Rxa4 23. bxc5 dxc5 24. e5 c4 25. Re4 Ra5 26. Rd4 Nc7 27. Rdxc4
Nxd5 28. Rc8+ Kf7 29. R3c6 Rxc8 30. e6+ 1-0

[Event "23. Collado Villalba"]
[Site "Collado Villalba ESP"]
[Date "2006.08.25"]
[Round "7.4"]
[White "Pastor Alonso De Prado, Alberto"]
[Black "Marholev, Dimitar"]
[Result "1/2-1/2"]
[WhiteElo "2230"]
[BlackElo "2434"]
[PlyCount "103"]
[EventDate "2006.08.19"]
[EventType "swiss"]
[EventRounds "1"]
[EventCountry "ESP"]
[Source "lmi"]
[SourceDate "2006.08.21"]

1. e4 e5 2. Nc3 Nc6 3. Nf3 g6 4. Bc4 Bg7 5. O-O h6 6. a3 d6 7. d3 Nf6 8. h3 O-O
9. Nh2 Nh5 10. Ne2 Ne7 11. g4 Nf6 12. f4 exf4 13. Nxf4 d5 14. exd5 Nfxd5 15. c3
Kh7 16. Qf3 c6 17. Qg3 f5 18. g5 h5 19. Nf3 Nxf4 20. Bxf4 Nd5 21. Rae1 Nxf4 22.
Qxf4 b5 23. Ba2 c5 24. Nh4 a5 25. Re3 Ra7 26. Rfe1 b4 27. Re6 Bxe6 28. Rxe6
bxc3 29. bxc3 Bxc3 30. Nxg6 Qd4+ 31. Kg2 Qxf4 32. Nxf4 Bg7 33. Rc6 h4 34. Kf3
Rb7 35. Rxc5 Rb2 36. Be6 Rf2+ 37. Kxf2 Bd4+ 38. Kf3 Bxc5 39. a4 Be7 40. g6+ Kh6
41. Bf7 Bf6 42. Ne6 Rb8 43. Kf4 Rb1 44. Kxf5 Bh8 45. Nf4 Ra1 46. Be8 Re1 47.
Bf7 Re5+ 48. Kg4 Rg5+ 49. Kf3 Be5 50. Ne6 Rg3+ 51. Ke4 Bf6 52. Nf4 1/2-1/2

[Event "23. Collado Villalba"]
[Site "Collado Villalba ESP"]
[Date "2006.08.25"]
[Round "7.5"]
[White "Zambrana, Oswaldo"]
[Black "Cueto, Johny"]
[Result "1-0"]
[WhiteElo "2429"]
[BlackElo "2314"]
[PlyCount "61"]
[EventDate "2006.08.19"]
[EventType "swiss"]
[EventRounds "1"]
[EventCountry "ESP"]
[Source "lmi"]
[SourceDate "2006.08.21"]

1. e4 b6 2. d4 Bb7 3. Bd3 e6 4. Nf3 c5 5. c3 Nf6 6. Qe2 d5 7. e5 Nfd7 8. Bg5
Qc8 9. O-O Ba6 10. c4 dxc4 11. Bxc4 Bxc4 12. Qxc4 Qa6 13. Qc2 Nc6 14. Qe4 Rc8
15. d5 exd5 16. Qxd5 Nb4 17. Qe4 Qd3 18. Qg4 h5 19. Qh3 Qe4 20. Nc3 Qg4 21.
Rad1 Qxh3 22. gxh3 Be7 23. Rfe1 Rc6 24. Nb5 Rg6 25. Nd6+ Kf8 26. Nf5 Bxg5 27.
Rxd7 Nc6 28. Kh1 Bf4 29. Nd6 f6 30. e6 Kg8 31. Nf7 1-0

[Event "23. Collado Villalba"]
[Site "Collado Villalba ESP"]
[Date "2006.08.25"]
[Round "7.6"]
[White "Rubio Mejia, Luis Ignacio"]
[Black "Roa Alonso, Santiago"]
[Result "1/2-1/2"]
[WhiteElo "2116"]
[BlackElo "2418"]
[PlyCount "80"]
[EventDate "2006.08.19"]
[EventType "swiss"]
[EventRounds "1"]
[EventCountry "ESP"]
[Source "lmi"]
[SourceDate "2006.08.21"]

1. d4 Nf6 2. c4 e6 3. Nc3 Bb4 4. e3 c5 5. Bd3 Nc6 6. Nge2 cxd4 7. exd4 d5 8.
O-O O-O 9. a3 Be7 10. b4 dxc4 11. Bxc4 Bd7 12. Ba2 a5 13. b5 Na7 14. Qd3 a4 15.
Bd2 Nc8 16. Bb1 Nb6 17. Bc2 g6 18. Bh6 Re8 19. Rfc1 Qb8 20. Qf3 e5 21. dxe5
Qxe5 22. Bf4 Qh5 23. Qxh5 Nxh5 24. Bc7 Nc4 25. Bxa4 Bxa3 26. Rd1 Nf6 27. Bb3
Be6 28. Nd4 Nb2 29. Rf1 Bxb3 30. Nxb3 Nc4 31. b6 Bb2 32. Rxa8 Rxa8 33. Nb5 Nd5
34. Rb1 Ra6 35. h3 Ndxb6 36. Nc5 Ra2 37. Nxb7 Nd5 38. Bg3 h5 39. N7d6 Nxd6 40.
Nxd6 Ra1 1/2-1/2

[Event "23. Collado Villalba"]
[Site "Collado Villalba ESP"]
[Date "2006.08.25"]
[Round "7.7"]
[White "Estrada, Cesar"]
[Black "Guliev, Logman"]
[Result "0-1"]
[WhiteElo "2135"]
[BlackElo "2417"]
[PlyCount "68"]
[EventDate "2006.08.19"]
[EventType "swiss"]
[EventRounds "1"]
[EventCountry "ESP"]
[Source "lmi"]
[SourceDate "2006.08.21"]

1. Nf3 Nf6 2. c4 g6 3. d4 Bg7 4. Nc3 O-O 5. Bf4 d6 6. e3 Nbd7 7. Be2 c6 8. O-O
Nh5 9. Bg5 h6 10. Bh4 g5 11. Nd2 Nhf6 12. Bg3 e5 13. h4 Ne8 14. hxg5 hxg5 15.
dxe5 dxe5 16. e4 Nc7 17. Nb3 Ne6 18. Bg4 Qe7 19. Bxe6 Qxe6 20. Qd3 Nf6 21. Rad1
Nh5 22. Nc5 Qg4 23. Ne2 Nf4 24. Bxf4 gxf4 25. Rd2 b6 26. Nb3 Be6 27. Rfd1 Bf6
28. c5 Kg7 29. f3 Qg5 30. Kf1 Rh8 31. Ng1 Rh1 32. Qe2 Rah8 33. Qf2 Bc4+ 34. Ke1
Qg3 0-1

[Event "23. Collado Villalba"]
[Site "Collado Villalba ESP"]
[Date "2006.08.25"]
[Round "7.8"]
[White "Pogorelov, Ruslan"]
[Black "Aranaz, Jose Carlos"]
[Result "1-0"]
[WhiteElo "2395"]
[BlackElo "2159"]
[PlyCount "73"]
[EventDate "2006.08.19"]
[EventType "swiss"]
[EventRounds "1"]
[EventCountry "ESP"]
[Source "lmi"]
[SourceDate "2006.08.21"]

1. Nf3 g6 2. c4 Bg7 3. d4 c5 4. e4 Qb6 5. dxc5 Qxc5 6. Nc3 d6 7. Be3 Bxc3+ 8.
bxc3 Qa5 9. Qc2 Nc6 10. Nd2 Nf6 11. h3 Nd7 12. Be2 Qc7 13. O-O O-O 14. Bh6 Re8
15. f4 f6 16. h4 Nd8 17. f5 Nf7 18. Be3 Nde5 19. c5 dxc5 20. Nc4 Kg7 21. Bf4
Bd7 22. Nxe5 Nxe5 23. Qd2 Red8 24. Qe3 Be8 25. Qg3 Bf7 26. Rf2 Kh8 27. fxg6
Bxg6 28. Bc4 Bxe4 29. Re1 Rg8 30. Bxg8 Rxg8 31. Bxe5 fxe5 32. Qe3 Bd5 33. c4
Bc6 34. Qxe5+ Qxe5 35. Rxe5 Rg4 36. Rxe7 Kg8 37. Rd2 1-0

[Event "23. Collado Villalba"]
[Site "Collado Villalba ESP"]
[Date "2006.08.25"]
[Round "7.9"]
[White "Solaesa Navalpotro, Luis Julio"]
[Black "Madina Yadarola, Martin"]
[Result "1/2-1/2"]
[WhiteElo "2334"]
[BlackElo "2262"]
[PlyCount "74"]
[EventDate "2006.08.19"]
[EventType "swiss"]
[EventRounds "1"]
[EventCountry "ESP"]
[Source "lmi"]
[SourceDate "2006.08.21"]

1. d4 e6 2. c4 Nf6 3. Nf3 c5 4. d5 exd5 5. cxd5 d6 6. Nc3 g6 7. e4 Bg7 8. Nd2
O-O 9. Be2 Na6 10. O-O Nc7 11. a4 b6 12. Re1 Nd7 13. f4 Bd4+ 14. Kh1 f5 15.
exf5 gxf5 16. Nf3 Bg7 17. Nb5 Nxb5 18. axb5 h6 19. Qc2 Nf6 20. Bd3 Bb7 21. Bxf5
Nxd5 22. Be6+ Kh8 23. Qe4 Re8 24. f5 Qe7 25. Qg4 Nb4 26. Rd1 Bxf3 27. gxf3 Nc2
28. Ra4 Nd4 29. Rg1 a5 30. Qh5 Rf8 31. Rg6 Rf6 32. Bg5 Rxf5 33. Rxh6+ Bxh6 34.
Qxh6+ Qh7 35. Bf6+ Rxf6 36. Qxf6+ Qg7 37. Qh4+ Qh7 1/2-1/2

[Event "23. Collado Villalba"]
[Site "Collado Villalba ESP"]
[Date "2006.08.25"]
[Round "7.10"]
[White "Babaev, Rashad"]
[Black "Vela Ignacio, Jose Manuel"]
[Result "1-0"]
[WhiteElo "2454"]
[BlackElo "2062"]
[PlyCount "31"]
[EventDate "2006.08.19"]
[EventType "swiss"]
[EventRounds "1"]
[EventCountry "ESP"]
[Source "lmi"]
[SourceDate "2006.08.21"]

1. e4 e5 2. Nf3 Nf6 3. Nxe5 d6 4. Nf3 Nxe4 5. d4 d5 6. Bd3 Bd6 7. O-O Bg4 8. c4
c6 9. cxd5 cxd5 10. Qa4+ Kf8 11. Ne5 Be6 12. Nd2 Nxd2 13. Bxd2 Nd7 14. f4 f6
15. Rae1 Bf7 16. Nxd7+ 1-0

[Event "23. Collado Villalba"]
[Site "Collado Villalba ESP"]
[Date "2006.08.25"]
[Round "7.11"]
[White "Alonso, Marcos"]
[Black "Sanchez Delgado, Lidia"]
[Result "1-0"]
[WhiteElo "2296"]
[BlackElo "2035"]
[PlyCount "75"]
[EventDate "2006.08.19"]
[EventType "swiss"]
[EventRounds "1"]
[EventCountry "ESP"]
[Source "lmi"]
[SourceDate "2006.08.21"]

1. d4 Nf6 2. c4 g6 3. Nc3 Bg7 4. Nf3 O-O 5. Bg5 c5 6. e3 d6 7. h3 Nbd7 8. Be2
Qa5 9. O-O Re8 10. a3 a6 11. Qc2 Qc7 12. d5 Nb6 13. Nd2 e6 14. e4 exd5 15. exd5
h6 16. Be3 Nbd7 17. Nf3 Kh7 18. Bd3 Rb8 19. Rae1 b6 20. Bf4 Bb7 21. Bh2 b5 22.
cxb5 c4 23. Be2 Nxd5 24. Ne4 Ne3 25. Neg5+ hxg5 26. Nxg5+ Kg8 27. fxe3 Qc5 28.
Nxf7 Qxe3+ 29. Kh1 Be4 30. Qxc4 d5 31. Qc7 Qxh3 32. Qg3 Qxg3 33. Bxg3 axb5 34.
Nd6 Bd4 35. Nxe4 Rxe4 36. Bxb8 Rh4+ 37. Bh2 Be5 38. g3 1-0

[Event "23. Collado Villalba B"]
[Site "Collado Villalba ESP"]
[Date "2006.08.25"]
[Round "7.1"]
[White "Avendaño M, Jose"]
[Black "Martin Manzano, Antonio"]
[Result "0-1"]
[WhiteElo "1898"]
[BlackElo "1968"]
[PlyCount "42"]
[EventDate "2006.08.19"]
[EventType "swiss"]
[EventRounds "1"]
[EventCountry "ESP"]
[Source "lmi"]
[SourceDate "2006.08.21"]

1. d4 c5 2. Nf3 cxd4 3. Nxd4 d5 4. e3 e5 5. Nb3 Nf6 6. c4 Bb4+ 7. Bd2 Nc6 8. a3
Be7 9. cxd5 Nxd5 10. Bc4 Be6 11. Qe2 O-O 12. Nc3 Rc8 13. O-O Nxc3 14. Bxc3 Nd4
15. exd4 Bxc4 16. Qd1 Bxf1 17. Kxf1 exd4 18. Nxd4 Bf6 19. Qg4 Qd5 20. Rd1 Rfd8
21. h4 Rc4 0-1

[Event "23. Collado Villalba B"]
[Site "Collado Villalba ESP"]
[Date "2006.08.25"]
[Round "7.2"]
[White "Sanchez-Alarcos Galian, Victor"]
[Black "Bote, Benjamin"]
[Result "1-0"]
[WhiteElo "1737"]
[BlackElo "1863"]
[PlyCount "155"]
[EventDate "2006.08.19"]
[EventType "swiss"]
[EventRounds "1"]
[EventCountry "ESP"]
[Source "lmi"]
[SourceDate "2006.08.21"]

1. e4 Nc6 2. Nf3 e5 3. Bb5 a6 4. Ba4 Nf6 5. d3 b5 6. Bb3 Be7 7. Nbd2 O-O 8. O-O
d5 9. Re1 Bg4 10. c3 d4 11. c4 Nb4 12. Qe2 Nh5 13. g3 Qd6 14. a3 Nc6 15. cxb5
axb5 16. Bd5 Ra6 17. Qf1 Nd8 18. h3 Bd7 19. b4 Ne6 20. Nb3 c6 21. Bxe6 Qxe6 22.
Nc5 Bxc5 23. bxc5 h6 24. Kh2 b4 25. Bb2 Rb8 26. Nd2 bxa3 27. Bxa3 Rba8 28. Nc4
Nf6 29. g4 Re8 30. f3 Nh7 31. Bb4 Rea8 32. Rxa6 Rxa6 33. Ra1 Rxa1 34. Qxa1 Ng5
35. Qd1 Qf6 36. Kg2 Ne6 37. Nb6 Nf4+ 38. Kh2 Be6 39. Be1 h5 40. Bg3 hxg4 41.
fxg4 Qh6 42. Bxf4 Qxf4+ 43. Kg2 Qe3 44. h4 Qf4 45. Kh3 Qf2 46. h5 g5 47. hxg6
fxg6 48. Na8 g5 49. Nb6 Qh4+ 50. Kg2 Bxg4 51. Qb3+ Kg7 52. Nc4 Qh3+ 53. Kf2
Qh2+ 54. Kf1 Bh3+ 55. Ke1 Qg1+ 56. Kd2 Qf2+ 57. Kc1 Qf7 58. Qb8 Qf4+ 59. Kc2
Be6 60. Qxe5+ Qxe5 61. Nxe5 g4 62. Kd2 g3 63. Ke2 Kf6 64. Nxc6 Bg4+ 65. Kf1
Bh3+ 66. Kg1 Ke6 67. Nxd4+ Kd7 68. Nf5 Kc6 69. d4 Bg4 70. Nxg3 Bd1 71. Kf2 Bb3
72. Ke3 Bg8 73. Kd3 Bf7 74. Kc3 Kb5 75. Nf5 Bg6 76. Nd6+ Kc6 77. Kb4 Bh5 78.
d5+ 1-0

[Event "23. Collado Villalba B"]
[Site "Collado Villalba ESP"]
[Date "2006.08.25"]
[Round "7.3"]
[White "Osorio Ramos, Francisco"]
[Black "Rguez Bachiller, Luis"]
[Result "1/2-1/2"]
[WhiteElo "1933"]
[BlackElo "1917"]
[PlyCount "97"]
[EventDate "2006.08.19"]
[EventType "swiss"]
[EventRounds "1"]
[EventCountry "ESP"]
[Source "lmi"]
[SourceDate "2006.08.21"]

1. d4 Nf6 2. c4 e6 3. Nc3 d5 4. cxd5 exd5 5. Bg5 Be7 6. e3 O-O 7. Bd3 Nbd7 8.
Nf3 c6 9. Qc2 h6 10. Bh4 Re8 11. O-O Nh5 12. Bxe7 Rxe7 13. b4 b6 14. Rfc1 Bb7
15. Qb3 Nhf6 16. Nd2 Qe8 17. Qc2 a5 18. bxa5 Rxa5 19. Rab1 Ba6 20. Bxa6 Rxa6
21. a4 Qc8 22. Ra1 Nf8 23. Ra2 Rea7 24. Rca1 Ne6 25. h3 Ng5 26. f3 Qe8 27. Nf1
Re7 28. Qd3 Raa7 29. Rb1 Qd8 30. Rab2 Nd7 31. Kf2 Ne6 32. Ng3 g6 33. Kg1 Ng7
34. Re2 Re6 35. Rd1 Qg5 36. Kh2 Nh5 37. Nxh5 Qxh5 38. e4 dxe4 39. Rxe4 Qf5 40.
g4 Qf6 41. Rde1 Rxe4 42. Qxe4 Qd6+ 43. Kg2 Nf6 44. Qe5 Rd7 45. Ne4 Nxe4 46.
Rxe4 Qxe5 47. dxe5 Rd2+ 48. Kg3 Kg7 49. Rc4 1/2-1/2

[Event "23. Collado Villalba B"]
[Site "Collado Villalba ESP"]
[Date "2006.08.25"]
[Round "7.4"]
[White "Galan Aguado, Fernando"]
[Black "Peral Aparicio, Jesus"]
[Result "1-0"]
[WhiteElo "1869"]
[BlackElo "1715"]
[PlyCount "73"]
[EventDate "2006.08.19"]
[EventType "swiss"]
[EventRounds "1"]
[EventCountry "ESP"]
[Source "lmi"]
[SourceDate "2006.08.21"]

1. d4 Nf6 2. Nf3 g6 3. Bf4 Bg7 4. e3 d6 5. h3 Bf5 6. Be2 Nbd7 7. Nbd2 Nb6 8.
O-O c6 9. c3 Qc8 10. Nh4 Be6 11. Nhf3 Qd7 12. Ng5 h6 13. Nxe6 Qxe6 14. a4 a5
15. c4 g5 16. Bh2 Qd7 17. Qb3 Qd8 18. Rfd1 O-O 19. Rab1 Rb8 20. c5 Nbd5 21.
cxd6 exd6 22. Nc4 Ne8 23. Bf3 Ne7 24. e4 b6 25. e5 Nd5 26. exd6 Nf4 27. Ne5
Qxd6 28. Nxc6 Rc8 29. Qxb6 Nc7 30. Rbc1 Rfe8 31. Qxa5 Nce6 32. d5 Nd4 33. Nxd4
Rxc1 34. Rxc1 Bxd4 35. Qb5 Qe7 36. Rd1 Bxb2 37. Bxf4 1-0